Suites logiques - Statistiques

Statistiques générales
  • Ce quiz a été pris 2 784 fois
    2 710 depuis la dernière actualisation
  • Le résultat moyen est 7 sur 9
Statistiques - réponses
Suite logique Élément manquant % Correct
2 - 4 - 8 - ?? - 32 - 64 16
100%
A - C - E - ?? - I - K G
97%
1 - 3 - 5 - ?? - 9 - 11 - 13 7
86%
97 - 86 - 75 - ?? - 53 - 42 64
80%
10 - 5 - ?? - 1,25 - 0,625 2,5
75%
2 - 4 - 16 - ?? - 65536 256
74%
5 - 25 - 125 - ?? - 3125 625
68%
1 - 2 - 3 - ?? - 8 - 13 - 21 5
67%
Alpha - Beta - ?? - Delta - Epsilon Gamma
43%
Aucun quiz correspondant
Distribution des résultats
% des personnes avec chaque résultat
Percentile par nombre de réponses
Votre historique - résultats
Vous n’avez pas pris ce quiz depuis la dernière actualisation